<?xml version="1.0" encoding="UTF-8"?>
<record
    xmlns:xsi="http://www.w3.org/2001/XMLSchema-instance"
    xsi:schemaLocation="http://www.loc.gov/MARC21/slim http://www.loc.gov/standards/marcxml/schema/MARC21slim.xsd"
    xmlns="http://www.loc.gov/MARC21/slim">

  <leader>01611nam a2200229 a 4500</leader>
  <controlfield tag="001">000012558</controlfield>
  <controlfield tag="005">20240826124700.0</controlfield>
  <controlfield tag="008">091130s200u    dr acd        000 0 spa d</controlfield>
  <datafield tag="040" ind1=" " ind2=" ">
    <subfield code="a">DO-SdBNP</subfield>
    <subfield code="b">spa</subfield>
    <subfield code="c">BNPHU</subfield>
  </datafield>
  <datafield tag="082" ind1=" " ind2=" ">
    <subfield code="a">xxxx</subfield>
    <subfield code="b">xxxx</subfield>
  </datafield>
  <datafield tag="100" ind1=" " ind2=" ">
    <subfield code="a">Pe&#xF1;a Geraldino, Rafael</subfield>
    <subfield code="9">1257</subfield>
  </datafield>
  <datafield tag="245" ind1="1" ind2="0">
    <subfield code="a">Matem&#xE1;tica I :</subfield>
    <subfield code="b">educaci&#xF3;n media /</subfield>
    <subfield code="c">Rafael Pe&#xF1;a Geraldino ; coodinaci&#xF3;n general, asesoria y edici&#xF3;n Jos&#xE9; Molinaza ; presentaci&#xF3;n Alejandrina Germ&#xE1;n.</subfield>
  </datafield>
  <datafield tag="250" ind1=" " ind2=" ">
    <subfield code="a">2a. ed.</subfield>
  </datafield>
  <datafield tag="260" ind1=" " ind2=" ">
    <subfield code="a">Santo Domingo :</subfield>
    <subfield code="b">SEE</subfield>
    <subfield code="b">Alfa &amp; Omega,</subfield>
    <subfield code="c">[200-].</subfield>
  </datafield>
  <datafield tag="300" ind1=" " ind2=" ">
    <subfield code="a">227 p. :</subfield>
    <subfield code="b">il., retrs., diagr. ;</subfield>
    <subfield code="c">28 cm.</subfield>
  </datafield>
  <datafield tag="500" ind1=" " ind2=" ">
    <subfield code="a">Gesti&#xF3;n educativa 2004-2008</subfield>
  </datafield>
  <datafield tag="500" ind1=" " ind2=" ">
    <subfield code="a">Educaci&#xF3;n media. Primer grado / Primer ciclo</subfield>
  </datafield>
  <datafield tag="504" ind1=" " ind2=" ">
    <subfield code="a">Incluye referencias bibliogr&#xE1;ficas y notas al pie de las p&#xE1;ginas</subfield>
  </datafield>
  <datafield tag="505" ind1="0" ind2=" ">
    <subfield code="g">Cap&#xED;tulo I --</subfield>
    <subfield code="t">Log&#xED;ca --</subfield>
    <subfield code="g">Cap&#xED;tulo II --</subfield>
    <subfield code="t">Conjuntos</subfield>
    <subfield code="t">Operaciones de conjuntos --</subfield>
    <subfield code="g">Cap&#xED;tulo III --</subfield>
    <subfield code="t">Conceptos algebraicos --</subfield>
    <subfield code="t">Operaciones algebraicas --</subfield>
    <subfield code="t">Productos notables --</subfield>
    <subfield code="t">Cocientes notables --</subfield>
    <subfield code="g">Cap&#xED;tulo IV --</subfield>
    <subfield code="t">Factorizaci&#xF3;n --</subfield>
    <subfield code="t">Potenciaci&#xF3;n --</subfield>
    <subfield code="t">Radicaci&#xF3;n --</subfield>
    <subfield code="g">Cap&#xED;tulo V --</subfield>
    <subfield code="t">M&#xE1;ximo com&#xFA;n divisor --</subfield>
    <subfield code="t">M&#xED;nimo com&#xFA;n m&#xFA;ltiplo --</subfield>
    <subfield code="t">Fracciones algebraicas --</subfield>
    <subfield code="g">Cap&#xED;tulo VI --</subfield>
    <subfield code="t">Conjuntos num&#xE9;ricos --</subfield>
    <subfield code="t">Intervalos --</subfield>
    <subfield code="t">Desigualdades --</subfield>
    <subfield code="t">Valor absoluto --</subfield>
    <subfield code="g">Cap&#xED;tulo VII --</subfield>
    <subfield code="t">Elementos geom&#xE9;tricos --</subfield>
    <subfield code="t">Recta --</subfield>
    <subfield code="t">Plano --</subfield>
    <subfield code="t">&#xC1;ngulo --</subfield>
    <subfield code="g">Cap&#xED;tulo VIII --</subfield>
    <subfield code="t">Ecuaciones --</subfield>
    <subfield code="t">Inecuaciones --</subfield>
    <subfield code="g">Cap&#xED;tulo IX --</subfield>
    <subfield code="t">N&#xFA;meros imaginarios --</subfield>
    <subfield code="t">N&#xFA;meros complejos --</subfield>
    <subfield code="g">Cap&#xED;tulo X --</subfield>
    <subfield code="t">Estad&#xED;sticas --</subfield>
    <subfield code="t">Probabilidades --</subfield>
  </datafield>
  <datafield tag="700" ind1="1" ind2=" ">
    <subfield code="a">Molinaza, Jos&#xE9;,</subfield>
    <subfield code="e">coord., ed.</subfield>
    <subfield code="9">25720</subfield>
  </datafield>
  <datafield tag="710" ind1="1" ind2=" ">
    <subfield code="a">Secretar&#xED;a de Estado de Educaci&#xF3;n</subfield>
    <subfield code="9">12759</subfield>
  </datafield>
  <datafield tag="952" ind1=" " ind2=" ">
    <subfield code="0">0</subfield>
    <subfield code="1">0</subfield>
    <subfield code="7">1</subfield>
    <subfield code="8">PD</subfield>
    <subfield code="a">PD</subfield>
    <subfield code="b">PD</subfield>
    <subfield code="c">CT</subfield>
    <subfield code="d">2009-11-13</subfield>
    <subfield code="i">LF1</subfield>
    <subfield code="l">0</subfield>
    <subfield code="o">xxxx xxxx</subfield>
    <subfield code="p">12558-10</subfield>
    <subfield code="r">2020-06-25</subfield>
    <subfield code="w">2020-06-25</subfield>
    <subfield code="y">LFPD</subfield>
    <subfield code="Z">No se presta</subfield>
  </datafield>
  <datafield tag="952" ind1=" " ind2=" ">
    <subfield code="0">0</subfield>
    <subfield code="1">0</subfield>
    <subfield code="7">-1</subfield>
    <subfield code="8">PD</subfield>
    <subfield code="a">PD</subfield>
    <subfield code="b">PD</subfield>
    <subfield code="c">OI</subfield>
    <subfield code="d">2015-07-07</subfield>
    <subfield code="i">LF1</subfield>
    <subfield code="l">0</subfield>
    <subfield code="o">xxxx xxxx</subfield>
    <subfield code="p">12558-20</subfield>
    <subfield code="r">2020-06-25</subfield>
    <subfield code="w">2020-06-25</subfield>
    <subfield code="y">LFPD</subfield>
    <subfield code="Z">No se presta</subfield>
  </datafield>
  <datafield tag="999" ind1=" " ind2=" ">
    <subfield code="c">12213</subfield>
    <subfield code="d">12213</subfield>
  </datafield>
</record>
